[Event "Smith & Williamson YM Rated 13th"]
[Site "Millfield"]
[Date "2003.07.12"]
[Round "3"]
[White "Kovalevskaya, Svetlana"]
[Black "Seymour, Jane F"]
[Result "1/2-1/2"]
[WhiteElo "2015"]
[BlackElo "2029"]
[PlyCount "96"]
[EventDate "2003.07.09"]
[EventType "swiss"]
[EventRounds "11"]
[EventCountry "ENG"]
[SourceTitle "CBM 095 Extra"]
[Source "ChessBase"]
[SourceDate "2003.09.04"]
[SourceVersion "1"]
[SourceVersionDate "2003.09.04"]
[SourceQuality "1"]

1. e4 d5 2. exd5 Nf6 3. d4 Bg4 4. Be2 Bxe2 5. Qxe2 Qxd5 6. Nf3 Nc6 7. c3 0-0-0 8. 0-0 e6 9. Nbd2 Qh5 10. Ne4 Nxe4 11. Qxe4 Bd6 12. Bf4 Bxf4 13. Qxf4 h6 14. Rfe1 Rhe8 15. Ne5 Nxe5 16. Rxe5 Qg6 17. Rae1 Rd7 18. h4 Kd8 19. h5 Qf6 20. Qe4 c6 21. a4 Rd5 22. Qd3 Kc7 23. b4 Red8 24. Qg3 Rxe5 25. Rxe5 Kc8 26. b5 Rd5 27. bxc6 bxc6 28. Kf1 Rxe5 29. dxe5 Qf5 30. f4 Qb1+ 31. Qe1 Qxe1+ 32. Kxe1 Kc7 33. Kd2 Kb6 34. Kc2 Kc5 35. Kd3 Kd5 36. c4+ Kc5 37. Kc3 Kb6 38. Kb3 c5 39. Ka3 Kc6 40. a5 Kd7 41. Ka4 a6 42. Kb3 Ke7 43. Kc3 Kf8 44. Kd3 Ke7 45. Ke4 g6 46. g4 gxh5 47. gxh5 Ke8 48. f5 Ke7 1/2-1/2

[Event "BCF-chT 0001 (4NCL)"]
[Site "Birmingham"]
[Date "2001.03.18"]
[Round "8.8"]
[White "Cast, Abigail"]
[Black "Seymour, Jane F"]
[Result "1/2-1/2"]
[WhiteElo "2121"]
[BlackElo "2040"]
[PlyCount "84"]
[EventDate "2000.09.??"]
[EventType "team"]
[EventRounds "11"]
[EventCountry "ENG"]
[SourceTitle "EXT 2002"]
[Source "ChessBase"]
[SourceDate "2001.11.25"]
[SourceVersion "1"]
[SourceVersionDate "2001.11.25"]
[SourceQuality "1"]
[WhiteTeam "SW Dragons"]
[BlackTeam "Barbican II"]
[WhiteTeamCountry "ENG"]
[BlackTeamCountry "ENG"]

1. d4 g6 2. Nf3 Nf6 3. Bg5 Bg7 4. Nbd2 d6 5. e4 0-0 6. Be2 b6 7. c3 Bb7 8. Qc2 c5 9. dxc5 bxc5 10. 0-0 Nc6 11. Rfe1 Nd7 12. Nc4 Nb6 13. Rad1 Qc7 14. Ne3 Ne5 15. Nxe5 Bxe5 16. Ng4 Bg7 17. Bf1 Rae8 18. Bb5 Ra8 19. Bf1 Kh8 20. Qd2 h5 21. Nh6 Kh7 22. h4 f6 23. Bf4 e5 24. Be3 Bxe4 25. g4 Bf3 26. gxh5 Bxh5 27. Be2 Bxe2 28. Rxe2 f5 29. Bg5 d5 30. f3 e4 31. fxe4 fxe4 32. Rg2 Rf3 33. Ng4 Raf8 34. Re1 Rg3 35. Ree2 Rxg2+ 36. Rxg2 d4 37. cxd4 Bxd4+ 38. Ne3 Nc4 39. Qe2 Nxe3 40. Bxe3 Bxe3+ 41. Qxe3 Qe5 42. Rg4 Qf5 1/2-1/2